Создание имитационной модели и совершенствование законов управления динамическими стендами тренажёров транспортных средств; Современные техника и технологии; Т. 2

ग्रंथसूची विवरण
Parent link:Современные техника и технологии: сборник трудов XV Международной научно-практической конференции студентов, аспирантов и молодых ученых, Томск, 4-8 мая 2009 г/ Национальный исследовательский Томский политехнический университет (ТПУ).— , 2009
Т. 2.— 2009.— [С. 263-264]
मुख्य लेखक: Марин С. С.
अन्य लेखक: Никиташин С. А. (научный руководитель), Назаров Е. В., Прошин И. А.
सारांश:Заглавие с титульного листа
Электронная версия печатной публикации
भाषा:रूसी
प्रकाशित: 2009
विषय:
ऑनलाइन पहुंच:http://www.lib.tpu.ru/fulltext/c/2009/C01/V2/133.pdf
स्वरूप: इलेक्ट्रोनिक पुस्तक अध्याय
KOHA link:https://koha.lib.tpu.ru/cgi-bin/koha/opac-detail.pl?biblionumber=246469

MARC

LEADER 00000naa2a2200000 4500
001 246469
005 20260116094128.0
035 |a (RuTPU)RU\TPU\book\267920 
035 |a RU\TPU\book\267916 
090 |a 246469 
100 |a 20131204d2009 k y0rusy50 ca 
101 0 |a rus 
102 |a RU 
135 |a drnn ---uucaa 
181 0 |a i  
182 0 |a b 
200 1 |a Создание имитационной модели и совершенствование законов управления динамическими стендами тренажёров транспортных средств  |f С. С. Марин, С. А. Никиташин, Е. В. Назаров  |g науч. рук. И. А. Прошин 
203 |a Текст  |c электронный 
215 |a 1 файл (702 Кб) 
300 |a Заглавие с титульного листа 
300 |a Электронная версия печатной публикации 
337 |a Adobe Reader 
461 0 |0 (RuTPU)RU\TPU\book\261117  |t Современные техника и технологии  |o сборник трудов XV Международной научно-практической конференции студентов, аспирантов и молодых ученых, Томск, 4-8 мая 2009 г  |o в 3 т.  |f Национальный исследовательский Томский политехнический университет (ТПУ)  |d 2009 
463 0 |0 (RuTPU)RU\TPU\book\266450  |t Т. 2  |v [С. 263-264]  |d 2009 
610 1 |a электронный ресурс 
610 1 |a транспортные средства 
610 1 |a тренажеры 
610 1 |a динамический режим 
610 1 |a стенды 
610 1 |a динамические условия 
610 1 |a имитационные модели 
610 1 |a управление 
700 0 |a Марин  |b С. С. 
701 1 |a Никиташин  |b С. А. 
701 1 |a Назаров  |b Е. В. 
702 1 |a Прошин  |b И. А.  |4 727 
801 1 |a RU  |b 63413507  |c 20130617 
801 2 |a RU  |b 63413507  |c 20160221  |g RCR 
856 4 |u http://www.lib.tpu.ru/fulltext/c/2009/C01/V2/133.pdf 
942 |c CF